The Complete Illustrated Works of Lewis Carroll / (Record no. 14162)
[ view plain ]
| 000 -LEADER | |
|---|---|
| fixed length control field | 00653nam a2200229 a 4500 |
| 001 - CONTROL NUMBER | |
| JCCL Control Number | 14162 |
| 003 - CONTROL NUMBER IDENTIFIER | |
| JCCL marc code | BD-JhCC |
| 005 - DATE AND TIME OF LATEST TRANSACTION | |
| control field | 20250203135326.0 |
| 008 - FIXED-LENGTH DATA ELEMENTS--GENERAL INFORMATION | |
| fixed length control field | 250203b19821987e a|||| ||a| 001 0 eng d |
| 020 ## - INTERNATIONAL STANDARD BOOK NUMBER | |
| International Standard Book Number | 09074486215 |
| 035 ## - SYSTEM CONTROL NUMBER | |
| system control number | (BD-JhCC)14162 |
| 040 ## - CATALOGING SOURCE | |
| Original cataloging agency | BD-JhCC |
| Modifying agency | BD-JhCC |
| 041 ## - LANGUAGE CODE | |
| Language code of Book | english |
| 082 ## - DEWEY DECIMAL CLASSIFICATION NUMBER | |
| Classification number | 823.8 |
| Author mark and Year | CAR 1987 |
| 100 ## - MAIN ENTRY--PERSONAL NAME | |
| Personal name | Carroll,Lewis |
| 245 ## - TITLE STATEMENT | |
| Title | The Complete Illustrated Works of Lewis Carroll / |
| Statement of responsibility, etc | Lewis Carroll . |
| 260 ## - PUBLICATION, DISTRIBUTION, ETC. (IMPRINT) | |
| Place of publication, distribution, etc | London: |
| Name of publisher, distributor, etc | Chancellor Press; |
| Date of publication, distribution, etc | 1987. |
| 300 ## - PHYSICAL DESCRIPTION | |
| Pagination | 934 p. : |
| Other physical details | ill; |
| Dimensions | 22 cm. |
| 650 ## - SUBJECT ADDED ENTRY--TOPICAL TERM | |
| Topical term or geographic name as entry element | English literature |
| General subdivision | English Fiction, for the works of Lewis Carroll |
| 942 ## - ADDED ENTRY ELEMENTS (KOHA) | |
| Source of classification or shelving scheme | Dewey Decimal Classification |
| Koha item type | Books |
| Source of classification or shelving scheme | Damaged status | Not for loan | Home library | Current library | Shelving location | Date of accession | Cost, normal purchase price | Total Checkouts | Full call number | Barcode | Checked out | Date last seen | Date checked out | Copy number | Method of acquisition | Koha item type | Currency |
|---|---|---|---|---|---|---|---|---|---|---|---|---|---|---|---|---|---|
| Dewey Decimal Classification | JCC Rouf Library | JCC Rouf Library | General Stacks | 1500.00 | 1 | 823.8 CAR 1987 | 20046 | 08/17/2025 | 07/23/2025 | 07/23/2025 | C-1 | Exchange | Books | BDT |